Random Friends Knowledge #8 - Quotes edition - Statistics

General Stats
  • This quiz has been taken 202 times
  • The average score is 9 of 15
Answer Stats
Quote Answer % Correct
Ross: You’re over me? When were you… ______ me? Under
96%
Joey: That's right, I stepped up! She's my friend and she needed help! If I had to, I'd ______ on any one of you! Pee
95%
Monica: Fine! Judge all you want, but: married a lesbian, left a man at the altar, fell in love with a gay ice dancer, threw a girl’s wooden leg in a fire, live in a ______! Box
85%
Monica: You were so great. You made it so easy. And now you have to leave. And I have to live with a _____! Boy
85%
Rachel: Oh, are you setting Ross up with someone? Does she have a ______? Wedding dress
79%
Ross: Yes, here we go. _____! _____! _____! _____! _____! _____! Pivot
77%
Rachel: Everyone I know is either getting married, or getting pregnant, or getting promoted and I'm getting ______! And it's not even for me! Coffee
69%
Phoebe: You love _____ so much, you’re probably gonna marry it. Divorce
62%
Chandler: Okay, you have to stop the _____ when there’s resistance! Q-tip
56%
Joey: Hey, Ross, I got a science question: If the _______ were, in fact, ______... is that why they're extinct? Homo sapiens
48%
Janice: Something deep in your soul calls out to me like a ______! Janice! Janice! You want me. You need me. You can't live without me. And you know it. You just don't know you know it. Foghorn
40%
Phoebe: Didn’t you ever run so fast you thought your legs were gonna fall off, you know, like when you were running toward the swings or running away from _____? Satan
40%
Mike: You're a _____ kind of grown up. Strange
36%
Chandler: Oh yeah, a gym member. I try to go 4 times a week but I've missed the last... ______ times. 1200
17%
Gunther: Yes, that's what I drive. I make 4 bucks an hour. I saved up for _____ years. 350
7%
No matching quizzes found
Score Distribution
Percent of People with Each Score
Percentile by Number Answered
Your Score History
You have not taken this quiz